LIBRARY & INFORMATION CENTRE, KCAET, TAVANUR

ONLINE PUBLIC ACCESS CATALOGUE (OPAC)

Shorter Oxford English Dictionary: on Historical Principles / (Record no. 10838)

MARC details
000 -LEADER
fixed length control field 00407cam a2200145ua 4500
082 ## - DEWEY DECIMAL CLASSIFICATION NUMBER
Classification number 028.73423
Item number LIT/SH
100 ## - MAIN ENTRY--AUTHOR NAME
Personal name Little, William .
245 ## - TITLE STATEMENT
Title Shorter Oxford English Dictionary: on Historical Principles /
250 ## - EDITION STATEMENT
Edition statement 3 /
260 ## - PUBLICATION, DISTRIBUTION, ETC. (IMPRINT)
Place of publication London :
Name of publisher Oxford University Press ,
Year of publication 1962.
300 ## - PHYSICAL DESCRIPTION
Number of Pages 2515 ; .
700 1# - ADDED ENTRY--PERSONAL NAME
Personal name Coulson, J .
700 1# - ADDED ENTRY--PERSONAL NAME
Personal name Fowler, H.W .
942 ## - ADDED ENTRY ELEMENTS (KOHA)
Koha item type Books
Holdings
Withdrawn status Lost status Damaged status Home library Current library Date acquired Full call number Accession Number Koha item type
      KAUAET KAUAET 07/04/2012 028.73423 5017 Reference
free website counter